000 00762nam a22001817a 4500
999 _c371661
_d371661
008 201127b ||||| |||| 00| 0 eng d
040 _aDE-2950
_bger
_cDE-2950
_erda
041 _ager
245 _aVieles wird anders beim ersten Stadtfest seit Corona.
_bBunter Hering: Nach zwei Jahren Zwangspause lädt Frankfurt im Juli wieder ein. Doch wegen der Baustellen im Zentrum muss umstrukturiert werden /
_cJacqueline Westermann
264 _c2022
653 _aFrankfurt (Oder)
653 _aStadtfest "Bunter Hering"
773 _dFrankfurt (Oder) Märkisches Verlags- und Druckhaus GmbH & Co KG
_tMärkische Oderzeitung
_g33. Jahrgang (2022) Nr. 125 vom 31.05.2022, S. 15
942 _cA